Český svět obrazový týdeník

Bibliographic Details
Format: Journal
Language:Czech
PhysicalDescription:25 zv. 35 cm
Published: Praha L. Hipman 1904-1929
Subjects:

MARC

LEADER 00000cas a22000004a 4500
001 vtls010175109
003 SK-MaSNL
005 20260228160329.0
008 101004d19041929xr wr|p 000 b0cze c
040 |a SVKPO  |b slo  |c SVKPO  |d SNK  |e AACR2 
041 0 |a cze 
044 |a xr  |c CZ 
072 7 |a 316.7  |x Sociológia kultúry. Kultúrny život  |2 konspekt 
080 |a 050  |2 2011 
080 |a 316.72/.75-027.22  |2 2011 
245 0 0 |a Český svět  |b obrazový týdeník 
246 3 3 |a Československá Amerika pro osvobození vlasti  |f č. 46-47/1919 
260 |a Praha  |b L. Hipman  |c 1904-1929 
300 |a 25 zv.  |c 35 cm 
310 |a 1x týždenne  |b 1906-1929 
310 |a 1x za 2 týždne  |b 1904-1906 
362 0 |a Roč. 1, č. 1 (1904/1905)-roč. 25, č. 50 (1929)  |z NKP 
500 |a Vydavatelia sa menia 
650 0 7 |a kultúrny život  |2 SNKPH  |9 3182 
655 7 |a spoločenské časopisy  |2 SNKPH  |9 70515 
910 |a snk 
999 |c 2177  |d 4107 
952 |0 0  |1 0  |4 0  |7 0  |8 3  |a SNK  |b SNK  |d 2000-01-05  |i snkK 1486/82  |l 0  |o snkČB 1629/15/1919  |p 17A0221801  |r 2005-01-02 00:00:00  |t len č. 46-47  |w 2026-02-21  |y PREZ  |z Na obale názov: Československá Amerika pro osvobození vlasti  
952 |0 0  |1 0  |4 0  |7 0  |8 3  |a SNK  |b SNK  |d 2011-09-07  |i snkK 1524/92  |l 0  |o snkČB 1629/16/1919-1920/1  |p 17A0709066  |r 2026-02-21 20:16:56  |t č. 1-25  |w 2026-02-21  |y PREZ 
952 |0 0  |1 0  |4 0  |7 0  |8 1  |a SNK  |b SNK  |d 2011-09-07  |i snkD 240/73  |l 0  |o snkČB 1629/16/1919-1920/2  |p 17A0709062  |r 2026-02-21 20:16:56  |t č. 26-52  |w 2026-02-21  |y PREZ 
952 |0 0  |1 1  |4 0  |7 0  |8 2  |a SNK  |b SNK  |d 2011-09-07  |i snkČIV 96/56  |l 0  |o snkČB 1629/21/1924/1  |p 17A0709065  |r 2026-02-21 20:16:56  |w 2026-02-21  |y PREZ 
952 |0 0  |1 1  |4 0  |7 0  |8 1  |a SNK  |b SNK  |d 2011-09-07  |i snkVI. 2935/55  |l 0  |o snkČB 1629/20/1924/2  |p 17A0709064  |r 2026-02-21 20:16:56  |w 2026-02-21  |y PREZ 
952 |0 0  |1 1  |4 0  |7 0  |8 3  |a SNK  |b SNK  |d 2011-09-07  |i snkČIK 413/56  |l 0  |o snkČB 1629/23/1926-1927/1  |p 17A0709123  |r 2026-02-21 20:16:56  |w 2026-02-21  |y PREZ 
952 |0 0  |1 1  |4 0  |7 0  |8 3  |a SNK  |b SNK  |d 2011-09-07  |i snkČIK 414/56  |l 0  |o snkČB 1629/23/1927/2  |p 17A0709122  |r 2026-02-21 20:16:56  |w 2026-02-21  |y PREZ 
952 |0 0  |1 1  |4 0  |7 0  |8 1  |a SNK  |b SNK  |d 2011-09-07  |i snkVI. 3032/55  |l 0  |o snkČB 1629/24/1927  |p 17A0709121  |r 2026-02-21 20:16:56  |w 2026-02-21  |y PREZ 
952 |0 0  |1 1  |3 rekatalogizácia  |4 0  |7 0  |8 2  |a SNK  |b SNK  |d 2007-02-27  |i snkČIV 97/56  |l 0  |o snkČB 1629/21/1925/2  |p 17A0540908  |r 2026-02-21 20:19:52  |t č. 27-52  |w 2026-02-21  |y PREZ 
952 |0 0  |1 1  |3 rekatalogizácia  |4 0  |7 0  |a SNK  |b SNK  |d 2007-02-27  |i snkVI. 2936/55  |l 0  |o snkČB 1629/22/1926/2  |p 17A0540907  |r 2026-02-21 20:19:52  |t č. 27-52  |w 2026-02-21  |y PREZ 
952 |0 0  |1 1  |4 0  |7 0  |a SNK  |b SNK  |d 1998-11-25  |l 0  |o snkČB 1629/1904-1905  |p 17A0170832  |r 2005-01-02 00:00:00  |w 2026-02-21  |y PREZ 
952 |0 0  |1 1  |4 0  |7 0  |a SNK  |b SNK  |d 1998-11-25  |l 0  |o snkČB 1629/1905-1906  |p 17A0170829  |r 2005-01-02 00:00:00  |w 2026-02-21  |y PREZ